El agua de los Andes : (Registro nro. 18872)
[ vista simple ]
| 000 -CABECERA | |
|---|---|
| Campo de control | 00827nam a22002297a 4500 |
| 005 - FECHA Y HORA DE LA ULTIMA TRANSACCION | |
| Campo de control | 20160718153412.0 |
| 008 - ELEMENTOS DE LONGITUD FIJA—INFORMACION GENERAL | |
| Campo de control | 160718s2010 pe ao|||r|||| 00| 0 spa d |
| 020 ## - ISBN | |
| ISBN | 9786124054310 |
| 040 ## - FUENTE DE CATALOGACIÓN | |
| Agencia catalogadora original | CO-BoIAVH |
| Agencia transcriptora | CO-BoIAVH |
| 041 0# - IDIOMA | |
| Código de idioma para texto/pista de sonido o título separado | Español |
| 044 ## - PAÍS DE PUBLICACIÓN | |
| País de publicación | Perú |
| 082 04 - NUMERO DE CLASIFICACION DECIMAL DEWEY | |
| Número de clasificación | 333.911 |
| Número del ítem | A28a |
| 245 00 - MENCION DE TITULO | |
| Título | El agua de los Andes : |
| Parte restante del título | un recurso clave para el desarrollo e integración de la región / |
| 260 ## - PUBLICACION, DISTRIBUCION, ETC. (PIE DE IMPRENTA) | |
| Lugar de publicación, distribución, etc. | Lima, Perú : |
| Nombre del editor, distribuidor, etc. | Comunidad Andina, |
| Fecha de publicación, distribución, etc. | 2010. |
| 300 ## - DESCRIPCION FISICA | |
| Extensión | 40 páginas : |
| Otros detalles físicos | ilustraciones, gráficas y fotografías a color ; |
| Dimensiones | 26 x 21 cm. |
| 650 26 - ASIENTO SECUNDARIO DE MATERIA - TERMINO TEMATICO | |
| Término temático o nombre geográfico como elemento de entrada | Recursos hídricos |
| Subdivisión geográfica | Región andina |
| 9 (RLIN) | 72880 |
| 650 26 - ASIENTO SECUNDARIO DE MATERIA - TERMINO TEMATICO | |
| Término temático o nombre geográfico como elemento de entrada | Agua |
| Subdivisión geográfica | Región andina |
| 9 (RLIN) | 72881 |
| 650 26 - ASIENTO SECUNDARIO DE MATERIA - TERMINO TEMATICO | |
| Término temático o nombre geográfico como elemento de entrada | Conservación de aguas |
| Subdivisión geográfica | Región andina |
| 9 (RLIN) | 72882 |
| 700 1# - ASIENTO SECUNDARIO - NOMBRE PERSONAL | |
| Nombre personal | Encalada, Gabriela |
| 9 (RLIN) | 72883 |
| 700 1# - ASIENTO SECUNDARIO - NOMBRE PERSONAL | |
| Nombre personal | Guhl Nannetti, Ernesto |
| Término de relación | coordinador |
| 9 (RLIN) | 6504 |
| 942 ## - ELEMENTOS ADICIONALES (KOHA) | |
| Sistema de clasificación | Dewey Decimal Classification |
| Tipo de ítem | Libro |
| Withdrawn status | Lost status | Sistema de Clasificación | Damaged status | No para préstamo | Colección | Inventariado | Ubicación Permanente | Ubicación actual | Fecha de adquisición | Fuente de Valor | Valor | Total Checkouts | Número topográfico | Inventario / Código de Barras | Date last seen | Ejemplar | Price effective from | Forma de adquisición | Tipo de material |
|---|---|---|---|---|---|---|---|---|---|---|---|---|---|---|---|---|---|---|---|
| Dewey Decimal Classification | General | Inventariado 2017 | Bogotá | Bogotá | 18/07/2016 | Instituto | 39000.00 | LB-333.911 A28a | 040542 | 18/07/2016 | Ej. 1 | 18/07/2016 | Donación | Libro |